000 02275nam0a2200349 i 4500
001 RU\NLR\BIBL_A\011456350
005 20260408072009.0
010 _a9785965204625
_9250
021 _aRU
_b2017-53935
_93843
021 _aRU
_b2017-53935
_94196
035 _a(RuMoRGB)008943778
035 _a(NLR Aleph) 011456350
090 _a11779104
_c11779104
100 _a20170816d2017 u y0rusy50 ca
101 0 _arus
102 _aRU
105 _aa|||j|||000yy
200 1 _aАрбовирусные заболевания человека, эндемичные для Российской Федерации
_eучебное пособие
_eдля использования в образовательных учреждениях, реализующих основные образовательные программы высшего образования по специальностям 31.05.01 "Лечебное дело", 31.05.02 "Педиатрия", 32.05.01 "Медико-профилактическое дело" по дисциплине "Инфекционные болезни"
_fМинистерство здравоохранения Российской Федерации, Волгоградский государственный медицинский университет
_g[составители: проф., д.м.н. С.Ф. Попов и др.]
210 _aВолгоград
_cИзд-во ВолгГМУ
_d2017
215 _a86 с.
_cтабл.
_d20
320 _aБиблиогр.: с. 76 (5 назв.)
606 1 _aАрбовирусные болезни
_jУчебные издания для высших учебных заведений
_yРоссийская Федерация
_92337465
_3RU\NLR\AUTH\6601621151
686 _aР514.21я73-1
_2rubbk
686 1 _aР514.43я73
686 1 _aР194.43я73
702 1 _4220
_7ca
_8rus
_aПопов
_bС. Ф.
_cд-р мед. наук
_gСергей Федорович
_9154989
_3RU\NLR\AUTH\770155028
712 0 2 _4570
_aВолгоградский государственный медицинский университет
_9625337
_3RU\NLR\AUTH\8810061921
942 _cBOOK
980 _aNBR